000 00547nam a2200217 a 4500
001 0001-2153
003 ELIB.Books
008 190725 2010 eng
020 _aKBTS
092 _a260
_bSch
100 _aSchaller, Lyle E.
245 _aThe Local Church Looks to the Future
260 _aNashville
_bAbingdon Press
_c1968
300 _a240
_c19.5cm
650 _aHistory
856 _nKBTS Library
_uKBTS Elib
942 _2ddc
_cBK
990 _a1
998 _aEnglishbooks.elf
_ccat
_e2019-07-25
999 _c12153
_d12153